[Event "FIDE-Wch"]
[Site "San Luis"]
[Date "2005.10.01"]
[Round "4"]
[White "Topalov, Veselin"]
[Black "Adams, Michael"]
[Result "1-0"]
[WhiteElo "2788"]
[BlackElo "2719"]
[Annotator "Stohl,I"]
[PlyCount "75"]
[EventDate "2005.09.28"]
[EventType "tourn"]
[EventRounds "14"]
[EventCountry "ARG"]
[EventCategory "20"]
[SourceTitle "CBM 110"]
[Source "ChessBase"]
[SourceDate "2006.01.31"]
[SourceVersion "1"]
[SourceVersionDate "2006.01.31"]
[SourceQuality "1"]

1. Nf3 Nf6 2. c4 e6 3. Nc3 c5 4. g3 b6 5. Bg2 Bb7 6. O-O Be7 7. Re1 Ne4 8. d4
$5 {[%mdl 16] Topalov plays a sharp and ambitious move, which occurs only
rarely. White wants to occupy the centre even at the cost of weakening his
P-structure. The most usual continuation is} (8. Nxe4 Bxe4 9. d3 Bb7 10. e4 Nc6
11. d4 cxd4 12. Nxd4 Nxd4 13. Qxd4 O-O {In this simplified position White has
at most a very slight edge.} 14. b3 (14. Rd1 $5 d6 15. a4 Qc7 16. Ra2 Bc6 $6
17. b3 Rfd8 18. Ba3 Rd7 19. Rad2 Rad8 20. Qe3 Qb7 21. f4 $14 {(), Beliavsky,
A-Lutz,C/Mitropa Leipzig/2002/}) 14... Bc5 $1 15. Qc3 Qe7 16. Re2 a5 17. a4 f5
18. e5 Bxg2 19. Kxg2 Rad8 20. Qf3 d6 21. exd6 Qxd6 22. Bg5 Rd7 23. Rae1 Qd3 24.
Qxd3 Rxd3 25. Rxe6 Rxb3 $11 {Ponomariov,R-Anand,V/Sofia 2005/}) 8... Nxc3 9.
bxc3 Be4 {A natural reaction, known also from various Queen's Indian lines -
Black stops e4 manually. However, he has other less direct alternatives, which
seem playable:} (9... O-O 10. d5 d6 $5 11. dxe6 fxe6 12. Bh3 e5 13. Be6+ Kh8
14. Bd5 Bxd5 15. cxd5 $6 (15. Qxd5 Nd7 $11 {[%cal Yd7f6] /\Nf6}) 15... e4 16.
Nd2 e3 $1 17. fxe3 Nd7 18. c4 Ne5 19. Qc2 Qe8 20. Bb2 Ng4 $36 {Van Wely,
L-Yermolinsky,A/Merrillville/1997/}) (9... Nc6 10. d5 Na5 11. Nd2 e5 (11... O-O
$13) 12. d6 $5 Bxd6 13. Nb3 Bc7 (13... Bxg2 14. Qxd6 Nxc4 15. Qd3 $16) 14. Nxa5
Bxg2 15. Kxg2 bxa5 16. Qd5 d6 17. Rb1 Rb8 18. Bg5 f6 19. Be3 Ke7 20. f4 exf4
21. Qe4+ Kf7 22. Qd5+ Ke7 23. Qe4+ Kf7 {1/2, Greenfeld,A-Bar,R/Israel/2004/})
10. Bf1 {The bishop is better placed here, than on h3 if Black takes on f3.
Nevertheless,} (10. Bh3 {deserves attention:} Bxf3 (10... Nc6 11. Nd2 Bg6 12.
d5 Na5 13. e4 {()}) (10... O-O $5 11. Nd2 Bb7 $132) 11. exf3 cxd4 12. cxd4 Nc6
(12... O-O {seems more flexible.}) 13. Be3 Rc8 (13... Na5 $142 14. Rc1 Rc8) 14.
Rc1 (14. d5 $1 $36) 14... Na5 15. Qd3 O-O 16. f4 g6 17. Bg2 Qc7 18. c5 d5 19.
cxd6 Qxd6 20. Qa6 Qd7 21. Bf3 (21. d5 $5 $14) 21... Bf6 22. h4 Rfd8 23. h5 Nc6
24. Qa4 Ne7 25. Qxd7 Rxd7 26. Rxc8+ {1/2, Kramnik,V-Yudasin,L/Yerevan ol/1996/}
) 10... d6 $146 {[%mdl 8]} (10... O-O 11. h4 ({Sasikiran tries to follow
Topalov's footsteps, but} 11. Nd2 {[%cal Ye2e4] /\e4 seems better}) 11... Nc6
12. Nd2 Bg6 13. e3 h6 14. h5 Bh7 15. Nb3 d6 16. Bg2 Rc8 17. e4 Nb8 18. Bf1 e5
19. a4 Nd7 20. a5 cxd4 21. cxd4 exd4 22. Nxd4 Ne5 $132 {Sasikiran,
K-Annageldyev,O/Hyderabad/2005/}) ({The main move until now was} 10... Bxf3 11.
exf3 cxd4 12. cxd4 O-O 13. f4 Nc6 14. Be3 (14. d5 Na5 15. Bd2 Rc8 16. Bxa5 bxa5
17. Rb1 Bc5 18. Qd3 $11 {^-1/2, Savchenko,S-Gurevich,V/Ubeda 1998/}) 14... Rc8
15. Rc1 Bf6 16. Bg2 g6 17. d5 exd5 18. Qxd5 Ne7 19. Qd3 Nf5 20. Bd2 Re8 21. Bh3
Nd4 22. Rxe8+ Qxe8 23. Be3 Ne6 24. f5 Nc5 25. Bxc5 (25. Qd5 $1 $36 {^^}) 25...
Rxc5 26. fxg6 hxg6 27. Bxd7 Qe5 28. Bh3 b5 $132 {1/2, Izoria,Z-Mchedlishvili,M/
Tbilisi/2001/}) 11. h4 {[%mdl 32] Original strategy, but the sortie Ng5 leads
nowhere and Topalov will abandon this idea later.} ({The more natural} 11. Nd2
Bb7 12. e4 {now and even one move later deserves attention.}) 11... Nd7 12. d5
(12. Nd2 Bb7 13. e4 $13) 12... O-O 13. a4 (13. dxe6 fxe6 14. Ng5 (14. Bh3 Bf5
$15) 14... Bxg5 15. Bxg5 Nf6 $15 {[%csl Rc3,Rc4]}) (13. Nd2 exd5 14. f3 Bg6 15.
cxd5 Bf6 16. Bb2 b5 $15) 13... h6 (13... Bf6 $5) 14. Bh3 exd5 $1 (14... e5 15.
Nd2 $14 {()}) 15. cxd5 Bf6 16. Ra3 b5 {Adams wants to prevent c4 at all costs,
but he doesn't succeed. Black's centralized pieces make a good impression and
he later suggested the improvement} (16... Ne5 $5 {Adams} 17. Nxe5 Bxe5 (17...
dxe5 18. c4 $14) 18. c4 Qf6 19. Bg2 Qg6 20. Bxe4 Qxe4 21. Qd3 Qg4 $132 {
[%cal Yf7f5,Ya8e8] /\f5, Rae8}) 17. axb5 Nb6 18. c4 $1 {[%csl Gd5][%mdl 16]
The d5-pawn is important, as it cramps Black's position. White is glad to get
rid of his weak c-pawn.} Bxf3 (18... Nxc4 19. Ra4 Bxf3 20. Rxc4 (20. exf3 Nb6 (
20... Nb2 21. Bxb2 Bxb2 22. Rae4 $14 {[%csl Ra7][%cal Yh3f1,Yf1d3,Ge1e8] /
\Bf1-d3,<->e,><a7}) 21. Rae4 (21. Ra6 Bd4 $13) 21... a6 22. bxa6 Rxa6 $132)
20... Bh5 21. Ra4 $5 $14) 19. Rxf3 (19. exf3 Nxc4 20. Ra4 {-18...Nc4}) 19...
Nxc4 20. Qa4 Ne5 (20... Nb6 21. Qg4 Nxd5 22. Bxh6 $36 {>>}) 21. Ra3 Re8 (21...
h5 $142 $1 $13 {/<=>}) 22. h5 $1 $36 {[%csl Gh5][%cal Gb1h7] ()>>,-><->b1-h7}
Re7 (22... Rb8 $5 {Adams} 23. Bf5 (23. f4 $6 {[%csl Rg1] ע} Nd7 24. Qxa7 Nb6
$36) 23... Rb7 24. Bd2 $14) 23. Bf4 Rb8 24. Bf5 Qe8 25. Bc2 (25. Rb1 $5 $14 {
Cheparinov}) 25... Qd7 $2 (25... Qxb5 $2 26. Qe4 $40) (25... Rxb5 $142 $1 26.
Qe4 g6 27. Bxe5 (27. Ba4 Rb4 28. Qc2 Rxa4 29. Rxa4 Nf3+ $17) 27... Bxe5 28.
hxg6 fxg6 29. Qh4 Kh7 30. Ba4 a6 $44) 26. Qe4 Ng6 27. Qd3 c4 $2 (27... Nf8 $142
28. Qf5 Rxb5 29. Qxd7 Rxd7 30. Bf5 $36) 28. Qxc4 Nxf4 29. Qxf4 Re5 30. Qf3 Qh3
(30... Qxb5 31. Rb1 Qe8 32. Qd3 Rxb1+ 33. Bxb1 Kf8 34. Qh7 Qd7 35. Qh8+ Ke7 36.
Qa8 Qd8 37. Rxa7+ Kf8 38. Qc6 $16 {/+-}) 31. Rxa7 Rxh5 32. e3 Qh2+ 33. Kf1 {
White's K is safe and his extra o^b5 is taboo due to Black's back-rank
weakness. The game is decided.} Qh3+ (33... Qh1+ 34. Qxh1 Rxh1+ 35. Ke2 Rxe1+
36. Kxe1 $18 {_|_}) 34. Ke2 Re5 35. Rc7 {[%cal Re1h1] /\Rh1+-} Rc8 $2 (35...
Qh5 $8 {was the only way to prolong the game, but the _|_ with the extra P is
won for White.}) 36. Bf5 $1 Rxf5 (36... Qxf5 37. Qxf5 Rxc7 38. Qd3 $18 (38. b6
$18)) 37. Rxc8+ Kh7 38. Rh1 1-0

[Event "FIDE-Wch"]
[Site "San Luis"]
[Date "2005.10.03"]
[Round "5"]
[White "Svidler, Peter"]
[Black "Topalov, Veselin"]
[Result "0-1"]
[WhiteElo "2738"]
[BlackElo "2788"]
[Annotator "Ftacnik,L"]
[PlyCount "88"]
[EventDate "2005.09.28"]
[EventType "tourn"]
[EventRounds "14"]
[EventCountry "ARG"]
[EventCategory "20"]
[SourceTitle "CBM 110"]
[Source "ChessBase"]
[SourceDate "2006.01.31"]
[SourceVersion "1"]
[SourceVersionDate "2006.01.31"]
[SourceQuality "1"]

1. e4 c5 2. Nf3 d6 3. d4 cxd4 4. Nxd4 Nf6 5. Nc3 a6 6. Be3 Ng4 7. Bg5 h6 8. Bh4
g5 9. Bg3 Bg7 10. h3 Ne5 11. Nf5 Bxf5 12. exf5 Nbc6 13. Nd5 e6 14. Ne3 (14.
fxe6 fxe6 15. Ne3 O-O (15... Qa5+ 16. c3 Nf3+ $146 17. Qxf3 Bxc3+ 18. Kd1 Bxb2
$13 19. Rc1 Bxc1 20. Nc4 Qxa2 21. Qf6 Qb1 22. Qxe6+ Kf8 23. Qxd6+ Kg7 24. Bd3
Bf4+ 25. Bxb1 Bxd6 26. Nxd6 {1-0 Cheparinov-Ibarra Jerez, Roquetas de Mar 2004}
) 16. Be2 Qe7 17. O-O Rad8 18. Bh5 $1 Kh8 19. Re1 d5 20. a4 Nc4 $2 (20... Nd7
$5 21. Nxd5 $140 Qc5 22. Ne3 Nf6 23. Qe2 Nd4 $1) 21. Nxc4 dxc4 22. Qg4 $16 {
1-0 Kasimdzhanov,R-Anand, FIDE Wch San Luis 2005}) 14... Qa5+ $146 {Topalov
played his combination rather quickly and the whole idea was obviously
prepared at home.} (14... O-O 15. c3 d5 16. fxe6 fxe6 17. Be2 Qe7 18. O-O Rad8
19. Qe1 Ng6 20. Rd1 Nf4 21. Bd3 Kh8 22. Bb1 {1-0 Bromberger,S-Berczes,D /
Budapest 2004/ (45)}) (14... Qe7 15. Be2 O-O 16. O-O d5 17. c3 Rad8 18. fxe6
Qxe6 19. Nc2 d4 20. cxd4 Nxd4 21. Nxd4 Rxd4 {1/2-1/2 Spasov,V-Elsness,F/
Gothenburg 2005/ (79)}) 15. c3 (15. Qd2 Qxd2+ 16. Kxd2 h5 $11) 15... Nf3+ $1
16. Qxf3 (16. gxf3 Bxc3+ 17. bxc3 Qxc3+ 18. Ke2 Nd4+ $19) 16... Bxc3+ 17. Kd1
Qa4+ $1 (17... Bxb2 18. fxe6 Qa4+ 19. Kd2 Qb4+ 20. Kd1 fxe6 $13) 18. Nc2 (18.
Kc1 Bxb2+ 19. Kxb2 Qb4+ 20. Kc1 Nd4 $44 21. Qd1 (21. Nc2 Rc8 $40) 21... Qc3+ (
21... Rc8+ 22. Bc4 Qc3+ 23. Kb1 Rxc4 24. Nxc4 Qxc4 25. a3 $16) 22. Kb1 (22. Nc2
Nxc2 23. Qxc2 Qxa1+ $40) 22... Qb4+ $11) 18... Bxb2 19. fxe6 fxe6 20. Qb3 $1 {
[%mdl 1024] Svidler was well aware of the dangers of playing the middlegame
with his own king loose in the center.} (20. Qg4 Nd4 $1 21. Rc1 Rc8 22. Bd3 Kd7
23. Re1 Qxa2 $17) 20... Qxb3 21. axb3 Bxa1 22. Nxa1 $13 Ke7 23. Bd3 (23. Kd2 $5
Rac8 24. f3) 23... Rac8 (23... Nb4 $5 24. Bb1 $140 a5) 24. Re1 (24. Nc2 Na5 25.
Nd4 e5 26. Nf5+ Kf6 27. b4 Nc4 28. Ke2 d5 $13) 24... Nd4 25. f3 (25. Nc2 Nxb3
26. Bf5 e5 27. Bxc8 Rxc8 $11) 25... Rc3 (25... Rc5 $13) 26. Kd2 Rhc8 {Topalov
had to hurry to bring his pieces into attacking locations, otherwise white
pieces might have become pretty dangeorus.} 27. Rb1 (27. Bc4 $5 R8xc4 (27...
Rxf3 $5 28. gxf3 Nxf3+ 29. Ke3 Nxe1 30. Bxe1 $14) 28. bxc4 Rxc4 $11 (28... Ra3
29. Bh2 Ra2+ 30. Kc3 Nxf3 31. Bxd6+ Kxd6 32. gxf3 Rh2 33. Nb3 $14)) 27... R3c5
$1 28. b4 (28. Bf2 Rd5 29. Rb2 Rf8 $1 30. Nc2 Nxf3+ 31. gxf3 Rxf3 32. Be3 Rxh3
33. Nb4 $14) 28... Rd5 $13 29. Bf2 (29. Be4 $2 Nxf3+ $1 30. Ke2 Rd2+ 31. Kxf3
Rc3+ 32. Kg4 Rd4 33. Re1 Rxb4 $1 $19) 29... Kd7 (29... Nc6 30. Ke2 Ne5 31. Be4
Rb5 32. Nc2 d5 33. Bh7 a5 $13) 30. Be3 (30. Nb3 Nc6 31. Ke2 Nxb4 32. Be4 Re5 (
32... Na2 33. Bxd5 Nc3+ 34. Ke1 Nxb1 35. Bxb7 Rb8 $17) 33. Bg3 Rb5 34. Nd4 Rb6
35. Bf2 d5 $13) 30... Nf5 31. Bf2 Nh4 $5 {The future champion is trying his
luck and undertakes some risk. After 31...Nd4 the game would most likely have
ended in a draw.} (31... Nd4 32. Be3 $11) 32. Bxh4 gxh4 33. Nc2 h5 34. Re1 (34.
b5 $1 $14) 34... Rg8 35. Kc3 $6 {Svidler nerves were already playing games
with him and he overlooks opponent's reaction.} (35. Re2 Rdg5 36. Ne1 $11)
35... a5 $1 (35... Rxg2 36. Ne3 Rxd3+ 37. Kxd3 Rh2 $15) 36. Bc4 $2 {With more
time and calm white would surely have taken on a5 and calculated, that the
long tactical line was still better for him.} (36. Re4 axb4+ 37. Rxb4 Rc5+ 38.
Kb3 Rxg2 39. Rxb7+ Rc7 $15) (36. bxa5 $1 Rxg2 37. Nd4 Rc5+ 38. Kb4 Rb2+ 39. Ka3
Rf2 40. Bb5+ Rxb5 41. Nxb5 Rxf3+ 42. Kb4 Rf4+ (42... Rxh3 43. Rc1 $16) 43. Kc3
Rf3+ 44. Kb2 Rf2+ 45. Ka1 Rf5 46. Rb1 $14) 36... Rc8 $1 37. Ne3 (37. Kb3 a4+
38. Kxa4 Rxc4 39. Ne3 Re5 $19) (37. bxa5 Rdc5 38. Ne3 d5 $19) 37... Rb5 $1 38.
Kd3 (38. bxa5 d5 $19) 38... Rxb4 39. Bxe6+ {Black had too many pawns for the
normal continuations, but the rook endgame will be also hopeless.} Kxe6 40.
Nc2+ Kd5 41. Nxb4+ axb4 42. Re7 b5 43. Rh7 Rc3+ (43... Rc4 $1 $19) 44. Kd2 Rc4
$1 (44... Rc4 $1 45. Rxh5+ Kc6 46. Rh8 b3 47. Re8 Kc5 $19) 0-1

[Event "FIDE-Wch"]
[Site "San Luis"]
[Date "2005.10.05"]
[Round "7"]
[White "Topalov, Veselin"]
[Black "Kasimdzhanov, Rustam"]
[Result "1-0"]
[WhiteElo "2788"]
[BlackElo "2670"]
[Annotator "Gershon,A"]
[PlyCount "145"]
[EventDate "2005.09.28"]
[EventType "tourn"]
[EventRounds "14"]
[EventCountry "ARG"]
[EventCategory "20"]
[SourceTitle "CBM 110"]
[Source "ChessBase"]
[SourceDate "2006.01.31"]
[SourceVersion "1"]
[SourceVersionDate "2006.01.31"]
[SourceQuality "1"]

1. e4 e5 2. Nf3 Nc6 3. Bb5 a6 4. Ba4 Nf6 5. O-O Be7 6. Re1 b5 7. Bb3 O-O 8. h3
Bb7 9. d3 d6 10. a3 Na5 {The most popular way - Black is developing his pieces
quickly, preparing the thematic c5 advance as soon as possible. At the same
time, Na5 and Bb7 don't look very attractive together, which gives White hopes
to get an advantage.} 11. Ba2 c5 12. Nbd2 ({On} 12. Nc3 {Black knows how to
play:} Nc6 13. Bg5 Qd7 14. Nh2 Ne8 15. Bd2 Nc7 {And he seems to be OK,
Kasparov-Adams, 1999.}) 12... Nc6 13. Nf1 Bc8 $1 {This manoeuvre is the basis
for Black's counterplay - the B traverses to e6 in order to restrain the
agressive thoughts of Ba2 and to fight for the d5 square.} 14. c3 (14. Ne3 Be6
15. Bd5 Rc8 16. c3 Bxd5 17. exd5 Nb8 18. a4 Qd7 19. axb5 axb5 20. c4 Rfe8 21.
Nd2 Rc7 22. cxb5 Qxb5 23. Ndc4 $16 {1-0 Sutovsky,E (2674)-Beliavsky,A (2599)/
Gothenburg SWE 2005/The Week in Chess 560 (50)}) ({Anand vs. Kasimdzhanov
opted for} 14. Bg5 Ne8 15. Bxe7 Nxe7 16. Ne3 Nf6 17. c3 Qc7 18. Nh2 Be6 19.
Nhg4 Nd7 {with an unclear position.}) 14... Be6 15. Bxe6 fxe6 16. b4 {An
important move with the idea of pressing on the queenside, which would
automatically prevent Black's activities in the center (d5).} ({Less
convincing is} 16. Ng3 {for instance} Nd7 17. Be3 d5 18. exd5 exd5 19. a4 Rb8
20. axb5 axb5 21. b3 Ra8 {1/2-1/2 Kasparov,G (2804)-Topalov,V (2757)/Linares
ESP 2005/The Week in Chess 539}) 16... Qd7 $146 {A very interesting novelty!
Black is going to deviate from the usual plan: instead of hopelessly
manouevring on the kingside, he is going to concentrate his power on the
opposite flank. The plan seems to be very logical and adequate.} ({
Kasimdzhanov played this position in 2005 and tried} 16... Nh5 17. N1h2 Nf4 18.
Bxf4 Rxf4 19. Qb3 Qd7 20. a4 bxa4 21. Rxa4 cxb4 22. cxb4 Rb8 23. Rea1 $14 {
1/2-1/2 Adams,M (2741)-Kasimdzhanov,R (2678)/Linares ESP 2005/The Week in
Chess 539 (62)}) 17. Qb3 Rfb8 {Since Black's center is stable he feels free to
relocate most of his pieces on the Q side.} 18. N1h2 $1 {White's N change it's
path because of the "e6" pawn - it has nothing to do on e3 or g3 now, since
the "d5" and "f5" squares are protected. As a result the N goes to g4 where it
can tease the enemy's king... and to force the N on f6 to exchange on g4. This
idea looks not only good but is perhaps the only possible active plan for
White after Black's novelty.} ({After} 18. Ng5 $6 d5 $1 {Black is by no means
worse.}) 18... a5 19. Bd2 {Intending to reduce Black's activity on the Q side.}
(19. bxc5 $6 a4 20. Qc2 dxc5 $15) 19... h6 20. Ng4 Nxg4 $2 {Quite a serious
positional mistake - Rustam opens the "h" file, which hands White an advantage
virtually out of nowhere and, even more importantly, a simple plan for
attacking the king.} (20... axb4 $142 21. axb4 cxb4 22. cxb4 Nh7 $13 (22... Kf7
$5)) 21. hxg4 $14 axb4 22. axb4 cxb4 23. cxb4 Bf6 24. Rec1 Kf7 $1 {Releasing
the Q from its defensive duties, so it can join the fight for the 'a' file.}
25. g3 {Freeing the first rank for transferring to rooks to the 'h' file.} Qb7
26. Kg2 Rxa1 27. Rxa1 Ra8 {Black's position looks very solid - if he exchanges
the rooks it will be almost a draw.} 28. Rh1 $1 {Topalov's taking advantage of
Black's mistakes. The 'h' file is going to cost Black a lot.} Nd4 $6 {
Exchanging White's active piece, and after the exchange getting a nice
forepost on c3 for own pieces. On the other hand, however, Black is creating
himself another weakness (on d4) which turns out to be more important than all
his gains.} (28... Qe7 $142 {Preventing g5, which along with pressing on b4 
(after Ra4) might be disturbing for White.}) 29. Nxd4 exd4 30. Bf4 d5 $2 {
Forsake the pawn on d4 - now only the Queen will be able to protect it, but it
will be busy doing other things - is it an appropriate job for Her Majesty?} (
30... Qc6 {[%cal Gc6c3]} 31. Rc1 Qd7) 31. e5 $16 {Of course!} Be7 32. Qd1 $1 {
The Q squints on h5, making g5 a threat.} Bg5 (32... Kg8 33. g5 $1 hxg5 34. Qg4
$1 Qc6 35. Bxg5 $40) (32... Bxb4 $2 33. g5 hxg5 34. Qh5+ Kg8 35. Bxg5 $18) 33.
Bxg5 hxg5 {[%csl Rd4,Rg5] Black's position is a fellowship of weaknesses like
g5 and d4, while his main problem is the K.} 34. Rh5 Qe7 35. Qh1 Rf8 36. Rh7 {
Threatening Qh6.} Ke8 37. Qa1 $6 {Topalov is not in a hurry, waiting for his
opponent to lose the track of the position in time-trouble. His position is
too winning for that.} (37. Qh5+ $142 $1 Kd7 38. Qg6 Rf7 39. f4 $1 $18) 37...
Kf7 38. Qc1 Ke8 39. Qa1 Kf7 40. Qxd4 $2 {This actually throws out a big part
of an advantage. Now black has just enough time to organize counterplay.} (40.
Qh1 {with ideas mentioned in previous annotation.}) 40... Kg8 $1 $14 41. Rh1
Qf7 {Black has managed to get a decent compensation for the pawn.} 42. Qe3 d4
$1 {Tough defense.} 43. Qe2 (43. Qxd4 $2 Qf3+ 44. Kg1 Qd1+ 45. Kh2 Qe2 46. Qb6
Rxf2+ 47. Kh3 Rh2+ $1 48. Rxh2 Qf1+ 49. Rg2 Qh1+ $11) 43... Qb7+ $1 {The Q
exchange takes us into rook endgame, with all its known tendencies.} 44. Qe4
Qxe4+ 45. dxe4 Rc8 {Rook activeness is a key factor for success in R endings.}
46. Rb1 Rc3 $2 ({Better was} 46... Rc2 {imprisoning the white king.} 47. Kf1
Kf7 48. Rb3 {And now the only idea for White is f4, but it's hardly enough:} (
48. Ke1 d3 49. Kf1 Re2 $11) 48... Rd2 $1 49. Ke1 (49. f4 $2 d3 $1 50. fxg5 Kg6
$17) 49... Rc2 $1 50. f4 $140 gxf4 51. gxf4 Rg2 $14) 47. Rb2 $1 {Allowing the
king to join the game.} Kf7 48. Kf1 Rc1+ 49. Ke2 Rc3 50. Ra2 {White cannot
hope for a win having such a passive rook, so it must be activated.} Rb3 51.
Ra7+ Kf8 52. Rb7 Rxb4 53. Kd3 Rb2 54. f4 Rb3+ $2 {It looks like Black has
missed a good chance to draw here:} (54... gxf4 $142 $1 55. gxf4 Rg2 56. f5 $1
(56. g5 Rg4 57. Kxd4 Rxf4 58. Kc5 Rg4 59. Kd6 Rxg5 60. Kxe6 Rg6+ 61. Kf5 Ra6
$11) 56... Rxg4 57. Rxb5 exf5 58. exf5 Rf4 59. e6 $11) 55. Kxd4 Rxg3 (55...
Rb4+ $2 56. Kc5 Rxe4 57. Kd6 gxf4 58. Kxe6 $18) 56. f5 {A pawn on f6 will give
White good winning chances now.} Rxg4 57. f6 Rg1 (57... gxf6 $2 58. exf6 $18)
58. Rxg7 b4 $2 $18 {This allows the white king to come near his black
colleague and personally strangle him.} (58... Rc1 $1 59. Rxg5 Rc4+ 60. Kd3 Rc5
{And the outcome remains unclear.}) 59. Kc5 b3 60. Rb7 Ra1 61. Rxb3 Ra5+ 62.
Kd4 (62. Rb5 $4 Rxb5+ 63. Kxb5 g4 $19) 62... Ra4+ 63. Ke3 Ra5 64. Rb8+ Kf7 65.
Rb7+ Kf8 66. Kd4 Ra4+ 67. Kc5 Ra5+ 68. Kd4 Ra4+ {And now the winning plan is:}
69. Ke3 Ra3+ 70. Kf2 $1 {intending Rd7} Ra5 71. Kg3 Rxe5 72. Kg4 Rxe4+ 73. Kh5
$1 {Without the pawn on g5 it would have been draw, but now it's all over.} 1-0